<?xml version="1.0" encoding="UTF-8"?>
<marc:record xmlns:marc="http://www.loc.gov/MARC21/slim">
   <marc:leader>00000nam a2200000 a 4500</marc:leader>
   <marc:datafield ind1="0" ind2="0" tag="245">
      <marc:subfield code="a">Sicher im Straßenverkehr [tiptoi]</marc:subfield>
   </marc:datafield>
   <marc:datafield ind1="0" ind2="0" tag="245">
      <marc:subfield code="b">tiptoi. Ab 4 Jahren</marc:subfield>
   </marc:datafield>
   <marc:datafield ind1=" " ind2="1" tag="264">
      <marc:subfield code="a">Ravensburg</marc:subfield>
      <marc:subfield code="b">Ravensburger Buchverl.</marc:subfield>
      <marc:subfield code="c">2014</marc:subfield>
   </marc:datafield>
   <marc:datafield ind1="1" ind2=" " tag="490">
      <marc:subfield code="a">tiptoi macht Wissen lebendig</marc:subfield>
   </marc:datafield>
   <marc:datafield ind1=" " ind2=" " tag="250">
      <marc:subfield code="a">9. Aufl.</marc:subfield>
   </marc:datafield>
   <marc:datafield ind1="1" ind2=" " tag="520">
      <marc:subfield code="a">Mit vielen tollen Geräuschen und Spielen wird das Überqueren der Straße und Verhalten im Straßenverkehr geübt. So findet sich bald jeder kinderleicht und sicher auf der Straße zurecht. Funktioniert nur mit tiptoi® Stift. Weitere Produktinformationen: Auf der Straße ist viel los: Autos, Busse, Fahrräder und Fußgänger. Wie überquert man sicher die Straße? Wer darf auf dem Bürgersteig gehen? Alltagsszenen mit Wiedererkennungswert, lebensechte Geräusche, eingängige Reime und Suchspiele helfen Kindern bei der spielerischen Einführung in das wichtige Thema</marc:subfield>
   </marc:datafield>
   <marc:datafield ind1=" " ind2=" " tag="020">
      <marc:subfield code="a">9783473329038</marc:subfield>
      <marc:subfield code="9">9783473329038</marc:subfield>
   </marc:datafield>
   <marc:datafield ind1=" " ind2=" " tag="020">
      <marc:subfield code="a">3473329037</marc:subfield>
      <marc:subfield code="9">3473329037</marc:subfield>
   </marc:datafield>
   <marc:datafield ind1=" " ind2=" " tag="041">
      <marc:subfield code="a">ger</marc:subfield>
   </marc:datafield>
   <marc:datafield ind1=" " ind2=" " tag="338">
      <marc:subfield code="a">Band</marc:subfield>
   </marc:datafield>
   <marc:datafield ind1=" " ind2=" " tag="300">
      <marc:subfield code="a">[7] Bl. : überw. Ill</marc:subfield>
   </marc:datafield>
</marc:record>
